<?xml version="1.0" encoding="UTF-8"?>
<record
    xmlns:xsi="http://www.w3.org/2001/XMLSchema-instance"
    xsi:schemaLocation="http://www.loc.gov/MARC21/slim http://www.loc.gov/standards/marcxml/schema/MARC21slim.xsd"
    xmlns="http://www.loc.gov/MARC21/slim">

  <leader>02728njm a2200493Ia 4500</leader>
  <controlfield tag="001">40790</controlfield>
  <controlfield tag="003">IT-RoPAU</controlfield>
  <controlfield tag="005">20220918181117.0</controlfield>
  <controlfield tag="008">131025s9999    xx            000 0 und d</controlfield>
  <datafield tag="040" ind1=" " ind2=" ">
    <subfield code="a">IT-RoPAU</subfield>
  </datafield>
  <datafield tag="040" ind1=" " ind2=" ">
    <subfield code="c">IT-RoPAU</subfield>
  </datafield>
  <datafield tag="041" ind1=" " ind2=" ">
    <subfield code="a">ITALIANO</subfield>
  </datafield>
  <datafield tag="999" ind1=" " ind2=" ">
    <subfield code="c">99477</subfield>
    <subfield code="d">99477</subfield>
  </datafield>
  <datafield tag="999" ind1=" " ind2=" ">
    <subfield code="b"> 1</subfield>
  </datafield>
  <datafield tag="100" ind1=" " ind2=" ">
    <subfield code="a">AA.VV.</subfield>
    <subfield code="9">794</subfield>
  </datafield>
  <datafield tag="100" ind1=" " ind2=" ">
    <subfield code="e">Autore musica</subfield>
    <subfield code="9">22287</subfield>
  </datafield>
  <datafield tag="100" ind1=" " ind2=" ">
    <subfield code="g">Codice autore musica SPICS: 12000</subfield>
    <subfield code="9">796</subfield>
  </datafield>
  <datafield tag="245" ind1=" " ind2=" ">
    <subfield code="a">Sanremo 1987</subfield>
  </datafield>
  <datafield tag="250" ind1=" " ind2=" ">
    <subfield code="a">1a ed.</subfield>
  </datafield>
  <datafield tag="260" ind1=" " ind2=" ">
    <subfield code="a">ROMA</subfield>
  </datafield>
  <datafield tag="260" ind1=" " ind2=" ">
    <subfield code="b">SPICS RECORDS</subfield>
    <subfield code="c">1987 [1a Ed.:1987 - Ed. Lingua Orig.: 1987]</subfield>
  </datafield>
  <datafield tag="300" ind1=" " ind2=" ">
    <subfield code="a">MUSICASSETTA</subfield>
  </datafield>
  <datafield tag="300" ind1=" " ind2=" ">
    <subfield code="c">80 minuti (Testo:  pag.)</subfield>
  </datafield>
  <datafield tag="500" ind1=" " ind2=" ">
    <subfield code="a">Canzone italiana. Festival di Sanremo 1987.</subfield>
  </datafield>
  <datafield tag="505" ind1=" " ind2=" ">
    <subfield code="a">Figli (Cutugno Toto) - Destino (Casale Rossana) - Madonna di Venere (Castelnuovo Mario) - Primo tango (Castelnuovo Mario) - Aria e musica (Christian) - Rosanna (Buonocore Nino) - Un bacio alla mia et&#xE0; - Bella et&#xE0; (Scialpi G.) - Fai piano (Nava Mariella)</subfield>
  </datafield>
  <datafield tag="650" ind1=" " ind2=" ">
    <subfield code="a">CANZONE ITALIAN [CASSETTE]</subfield>
    <subfield code="e">Codice MATERIA SPICS: 9951</subfield>
    <subfield code="9">2279</subfield>
  </datafield>
  <datafield tag="700" ind1=" " ind2=" ">
    <subfield code="a">Cutugno Toto</subfield>
    <subfield code="d">Codice autore musica SPICS: 10191</subfield>
    <subfield code="e">Autore musica</subfield>
    <subfield code="p">Figli</subfield>
    <subfield code="9">22288</subfield>
  </datafield>
  <datafield tag="700" ind1=" " ind2=" ">
    <subfield code="a">Fabrizio S.</subfield>
    <subfield code="d">Codice autore musica SPICS: 16118</subfield>
    <subfield code="e">Autore musica</subfield>
    <subfield code="p">Destino</subfield>
    <subfield code="9">22289</subfield>
  </datafield>
  <datafield tag="700" ind1=" " ind2=" ">
    <subfield code="a">Morra Gianfranco</subfield>
    <subfield code="d">Codice autore SPICS: 3538</subfield>
    <subfield code="e">Autore musica</subfield>
    <subfield code="p">Destino</subfield>
    <subfield code="9">22290</subfield>
  </datafield>
  <datafield tag="700" ind1=" " ind2=" ">
    <subfield code="a">Casale Rossana</subfield>
    <subfield code="d">Codice autore testo/musica SPICS: 13249</subfield>
    <subfield code="e">Autore testo/musica</subfield>
    <subfield code="p">Destino</subfield>
    <subfield code="9">22291</subfield>
  </datafield>
  <datafield tag="700" ind1=" " ind2=" ">
    <subfield code="a">Castelnuovo Mario</subfield>
    <subfield code="d">Codice autore musica SPICS: 10817</subfield>
    <subfield code="e">Autore musica</subfield>
    <subfield code="p">Madonna di Venere - Primo tango</subfield>
    <subfield code="9">22292</subfield>
  </datafield>
  <datafield tag="700" ind1=" " ind2=" ">
    <subfield code="a">Chiocchio Gaio</subfield>
    <subfield code="d">Codice autore SPICS: 18827</subfield>
    <subfield code="e">Autore</subfield>
    <subfield code="p">Primo tango</subfield>
    <subfield code="9">22293</subfield>
  </datafield>
  <datafield tag="700" ind1=" " ind2=" ">
    <subfield code="a">Turci Paola</subfield>
    <subfield code="d">Codice autore testo/musica SPICS: 9762</subfield>
    <subfield code="e">Autore musica</subfield>
    <subfield code="p">Primo tango</subfield>
    <subfield code="9">22294</subfield>
  </datafield>
  <datafield tag="700" ind1=" " ind2=" ">
    <subfield code="a">Morgia F.</subfield>
    <subfield code="d">Codice autore musica SPICS: 18830</subfield>
    <subfield code="e">Autore musica</subfield>
    <subfield code="p">Aria e musica</subfield>
    <subfield code="9">22295</subfield>
  </datafield>
  <datafield tag="700" ind1=" " ind2=" ">
    <subfield code="a">Amato S.</subfield>
    <subfield code="d">Codice autore SPICS: 18831</subfield>
    <subfield code="e">Autore</subfield>
    <subfield code="p">Aria e musica</subfield>
    <subfield code="9">22296</subfield>
  </datafield>
  <datafield tag="700" ind1=" " ind2=" ">
    <subfield code="a">Christian</subfield>
    <subfield code="d">Codice autore testo/musica SPICS: 10823</subfield>
    <subfield code="e">Autore testo/musica</subfield>
    <subfield code="p">Aria e musica</subfield>
    <subfield code="9">22297</subfield>
  </datafield>
  <datafield tag="700" ind1=" " ind2=" ">
    <subfield code="a">Buonocore Nino</subfield>
    <subfield code="d">Codice autore musica SPICS: 18832</subfield>
    <subfield code="e">Autore musica</subfield>
    <subfield code="p">Rosanna</subfield>
    <subfield code="9">22298</subfield>
  </datafield>
  <datafield tag="700" ind1=" " ind2=" ">
    <subfield code="a">Musumarra R.</subfield>
    <subfield code="d">Codice autore musica SPICS: 18833</subfield>
    <subfield code="e">Autore musica</subfield>
    <subfield code="p">Un bacio alla mia et&#xE0;</subfield>
    <subfield code="9">22299</subfield>
  </datafield>
  <datafield tag="700" ind1=" " ind2=" ">
    <subfield code="a">Cifiello Enrico</subfield>
    <subfield code="d">Codice autore SPICS: 18834</subfield>
    <subfield code="e">Autore</subfield>
    <subfield code="p">Un bacio alla mia et&#xE0;</subfield>
    <subfield code="9">22300</subfield>
  </datafield>
  <datafield tag="700" ind1=" " ind2=" ">
    <subfield code="a">Migliacci Franco</subfield>
    <subfield code="d">Codice autore musica SPICS: 13653</subfield>
    <subfield code="e">Autore musica</subfield>
    <subfield code="p">Bella et&#xE0;</subfield>
    <subfield code="9">22301</subfield>
  </datafield>
  <datafield tag="700" ind1=" " ind2=" ">
    <subfield code="a">Zaneli R.</subfield>
    <subfield code="d">Codice autore SPICS: 18835</subfield>
    <subfield code="e">Autore</subfield>
    <subfield code="p">Bella et&#xE0;</subfield>
    <subfield code="9">22302</subfield>
  </datafield>
  <datafield tag="700" ind1=" " ind2=" ">
    <subfield code="a">Scialpi G.</subfield>
    <subfield code="d">Codice autore testo/musica SPICS: 13252</subfield>
    <subfield code="e">Autore testo/musica</subfield>
    <subfield code="p">Bella et&#xE0;</subfield>
    <subfield code="9">22303</subfield>
  </datafield>
  <datafield tag="700" ind1=" " ind2=" ">
    <subfield code="a">Nava Mariella</subfield>
    <subfield code="d">Codice autore musica SPICS: 18836</subfield>
    <subfield code="e">Autore musica</subfield>
    <subfield code="p">Fai piano</subfield>
    <subfield code="9">22304</subfield>
  </datafield>
  <datafield tag="942" ind1=" " ind2=" ">
    <subfield code="c">MC</subfield>
    <subfield code="2">ddc</subfield>
  </datafield>
  <datafield tag="952" ind1=" " ind2=" ">
    <subfield code="0">0</subfield>
    <subfield code="1">0</subfield>
    <subfield code="4">0</subfield>
    <subfield code="6">40790_000000000000000</subfield>
    <subfield code="7">1</subfield>
    <subfield code="a">SPICS</subfield>
    <subfield code="b">SPICS</subfield>
    <subfield code="d">2013-10-25</subfield>
    <subfield code="l">0</subfield>
    <subfield code="o">40790</subfield>
    <subfield code="r">2013-10-25 00:00:00</subfield>
    <subfield code="w">2013-10-25</subfield>
    <subfield code="y">MC</subfield>
    <subfield code="z">Progr. Ins.: 14493 / N.Vol.: 1 / Copie: 1 - Copia rara:  1 / date import: 01.01.2014 - By Epidotti, Trombetti, Vaglietti</subfield>
  </datafield>
</record>
